Responses for Show #7677 - Tuesday, January 16, 2018

Gilbert Collins game 5.

Contestants

[<< previous game]

David Rosen, a lawyer from Syosset, New York

Olivia Ochoa, an arts administrator from Seattle, Washington

Gilbert Collins, a university administrator from Princeton, New Jersey (whose 4-day cash winnings total $51,400)

[next game >>]

Jeopardy! Round responses

THE BRITISH INVASION
NAME THAT WORLD LEADER
GETTING POSSESSIVE
POTPOURRI
BOOK SERIES
"DIS" IS IT
    $200 12
"Pinball Wizard"

David
    $200 1
(Justin) Trudeau

Olivia
    $200 23
communion

Olivia
    $200 17
PowerPoint

Gilbert
    $200 2
Lemony Snicket

David
    $200 7
a disciple

Olivia
    $400 13
"House Of The Rising Sun"

David
    $400 18
General de Gaulle

David
    $400 24
St. Patrick

Olivia
    $400 22
brandy

David
    $400 3
Left Behind

Gilbert
    $400 8
disposition

Olivia
    $600 14
(Brian) Epstein

David
    $600 19
Nehru

Gilbert
    $600 25
Tim Hortons

Olivia
    $600 28
anger

David
    $600 4
(Olivia: What is True Blood?)

Sookie Stackhouse

Olivia
Triple Stumper
    $600 9
distilling

Gilbert
    $800 15
Gerry and the Pacemakers

Triple Stumper
    $800 20
Chávez

Gilbert
    $1,000 26
Hadrian's Wall

Olivia
    $800 29
jumping the shark

Triple Stumper
    $800 5
Foundation

Gilbert
    $800 10
distemper

David
    $1000 16
Dusty Springfield

Triple Stumper
    $1000 21
(Deng) Xiaoping

Gilbert
    $1000 27
Ménière's disease

David
    $1000 30
muscle memory

Olivia
    $1000 6
Flowers in the Attic

Triple Stumper
    $1000 11
(David: What is the Distinguished Air Medal?)

the Distinguished Flying Cross

David
Triple Stumper

Scores at the first commercial break (after clue 15):

Gilbert Olivia David
$1,800 $200 $1,200

Scores at the end of the Jeopardy! Round:

Gilbert Olivia David
$4,400 $3,400 $3,600

Double Jeopardy! Round responses

FIRST-TIME EMMY NOMINEES 2017
DOC TALK
HARD "C"
ANCIENT TIMES
ETYMOLOGY
THE FLOOR IS LAVA
(Alex: We'll give you a volcano, and you have to tell us the location whose floor could be covered with lava.)
    $400 1
Bernie Madoff

Triple Stumper
    $400 21
a mole (or a birthmark)

David
    $400 16
crabgrass

David
    $400 6
a canal

David
    $400 11
an easel

David
    $400 28
(David: What is Java?)

Luzon

David
Triple Stumper
    $800 2
Saturday Night Live

Olivia
    $800 22
chronic fatigue syndrome

Gilbert
    $800 17
cacophony

Olivia
    $800 7
Alexandria

Gilbert
    $800 12
salami

David
    $800 29
Iceland

David
    $1200 3
Big Little Lies

Olivia
    $1200 23
tennis elbow

David
    $1200 18
(David: What is [*] [CLAB-erd]? ...[*] [CLAP-board].)
(Alex: That's it.)

clapboard

David
    $1200 8
Socrates

David
    $1200 13
a rhinoceros

David
    $1200 30
Naples

David
    $1600 4
This is Us

Triple Stumper
    $1600 24
pertussis

Gilbert
    $1600 19
chlorine

Gilbert
    $1600 9
(David: What is the hippodrome?)
(Alex: Be more specific.)
(David: The Roman Hippodrome.)

the Circus Maximus

David
Triple Stumper
    $1600 14
aghast

Gilbert
    $1600 27
Indonesia

David
    $2000 5
Snoop Dogg

Gilbert
    $2,000 25
(Gilbert: What is ringworm?)
[Originally ruled incorrect; ruled correct before Final Jeopardy!]

athlete's foot (or ringworm)

Gilbert
    $2000 20
clair de lune

David
    $2000 10
Sadducees

David
    $2,000 15
(Alex: From the Furies.)

furious

Gilbert
    $2000 26
Martinique

Triple Stumper

Scores at the end of the Double Jeopardy! Round:

Gilbert Olivia David
$16,800 $6,200 $16,400

[wagering suggestions for these scores]

Final Jeopardy! Round responses

NOVELS OF THE 1960s
OliviaWhat is You Only Live Once
$5,500
DavidWhat is "You Only Live Twice"
$3,000
GilbertWhat is You Only Live Twice?
$16,001
You Only Live Twice

Final scores:

Gilbert Olivia David
$32,801 $700 $19,400
5-day champion: $84,201 3rd place: $1,000 2nd place: $2,000

Game dynamics:

Coryat scores:

Gilbert Olivia David
$16,800 $6,000 $16,400
15 R
(including 2 DDs),
0 W
11 R
(including 1 DD),
1 W
23 R,
3 W

Combined Coryat: $39,200

[game clues] [game scores] [suggest correction]

Game tape date: 2017-10-31
The J! Archive is created by fans, for fans. Scraping, republication, monetization, and malicious use prohibited; this site may use cookies and collect identifying information. See terms. The Jeopardy! game show and all elements thereof, including but not limited to copyright and trademark thereto, are the property of Jeopardy Productions, Inc. and are protected under law. This website is not affiliated with, sponsored by, or operated by Jeopardy Productions, Inc. Join the discussion at JBoard.tv.